| 000 | 00462nam a2200169 a 4500 | ||
|---|---|---|---|
| 001 | 000025985 | ||
| 005 | 20200930024215.0 | ||
| 008 | 110225s1988 dr 000 0 spa d | ||
| 040 |
_aDO-SdBNP _bspa _cBNPHU |
||
| 082 |
_axxx _bH471n |
||
| 100 | 1 |
_aHeinsen, Franz, _938463 |
|
| 245 | 1 | 0 | _aNuestros hijos/. |
| 260 |
_aSanto Domingo : _bTaller, _c1988. |
||
| 300 |
_a196 p. ; _c19 cm. |
||
| 504 | _aIncluye referencias bibliográficas (p. 195-196) | ||
| 049 | _aBNPD | ||
| 999 |
_c25477 _d25477 |
||